000 00285nam a22001337a 4500
008 210310b ||||| |||| 00| 0 eng d
020 _a9780520239227
041 _aeng
080 _a91
100 _a42
101 _aGJEO
245 _aFrozen Earth
_cMacdougall,D
942 _2udc
_cBK
999 _c56193
_d56193